| 000 | 00558nam a2200193 i 4500 | ||
|---|---|---|---|
| 001 | 47637 | ||
| 003 | ES-MaACL | ||
| 005 | 20230906161613.0 | ||
| 007 | t| | ||
| 008 | 030509s1931 sp ||||1| spa d | ||
| 080 | _a297.18 | ||
| 130 | 0 |
_aCorán. _lEspañol. _9120330 |
|
| 245 | 1 | 3 |
_aEl Korán / _cMahoma ; edición, traducción, prólogo y notas de O.B.B.J. |
| 260 |
_aMadrid : _bLibrería de la Vda. de J.B. Bergua, _c[1931?] |
||
| 300 |
_aXVI, 539 p. ; _c16 cm. |
||
| 630 | 0 | 4 |
_aCorán. _911361 |
| 700 | 1 |
_aMahoma. _975544 |
|
| 852 |
_aES-MaACL _jB-12656 |
||
| 999 |
_c47637 _d47637 |
||